Voyage contredit – voyage contrarié (notice n° 2222513)
[ vue normale ]
| 000 -LEADER | |
|---|---|
| fixed length control field | 01621cam a2200169 4500500 |
| 005 - DATE AND TIME OF LATEST TRANSACTION | |
| control field | 20260426010529.0 |
| 041 ## - LANGUAGE CODE | |
| Language code of text/sound track or separate title | fre |
| 042 ## - AUTHENTICATION CODE | |
| Authentication code | dc |
| 100 10 - MAIN ENTRY--PERSONAL NAME | |
| Personal name | Urbain, Jean-Didier |
| Relator term | author |
| 245 00 - TITLE STATEMENT | |
| Title | Voyage contredit – voyage contrarié |
| 260 ## - PUBLICATION, DISTRIBUTION, ETC. | |
| Date of publication, distribution, etc. | 2005.<br/> |
| 500 ## - GENERAL NOTE | |
| General note | 98 |
| 520 ## - SUMMARY, ETC. | |
| Summary, etc. | Passage d’un projet à sa mise en œuvre, tout voyage est en quelque manière la mise à l’épreuve d’un modèle qui, affronté au réel, essuie peu ou prou sa contradiction. Que se passe-t-il alors, au terme de cette étape logique de l’expérience ? Jean-Didier Urbain* essaie ici d’en rendre compte sémiotiquement, selon que le voyageur accepte cette altération du modèle et qu’il accède ainsi au stade du voyage contrarié ou qu’il la refuse, s’engageant en ce cas sur la voie d’une dénégation délirante du réel au nom de la conservation du modèle. |
| 520 ## - SUMMARY, ETC. | |
| Summary, etc. | As it moves from a plan to its fruition, every journey involves the testing of a model which when facing reality might very well come up against its own contradiction. What happens when the conclusion of this logical stage of experience is reached? Jean-Didier Urbain attempts to give a semiotic answer, whether the traveller accepts the alteration of the model and thus gets to the stage of a thwarted journey, or refuses it thus entering into a delirious denying of reality in order to stick to the model. |
| 786 0# - DATA SOURCE ENTRY | |
| Note | Études théologiques et religieuses | 80 | 3 | 2005-09-01 | p. 413-421 | 0014-2239 |
| 856 41 - ELECTRONIC LOCATION AND ACCESS | |
| Uniform Resource Identifier | <a href="https://shs.cairn.info/revue-etudes-theologiques-et-religieuses-2005-3-page-413?lang=fr&redirect-ssocas=7080">https://shs.cairn.info/revue-etudes-theologiques-et-religieuses-2005-3-page-413?lang=fr&redirect-ssocas=7080</a> |
Pas d'exemplaire disponible.




Réseaux sociaux